000 00736nam a22002537a 4500
003 0
005 20180717180907.0
008 0
010 _aB-094735
020 _a8123909373
035 _aB-094735, B-094736
037 _bCen Lib / Ret
040 _aDPL
_bEn
_c0
082 _a387.2
_bSRI
100 _aSridharan, K
245 _aIndia's maritime heritage /
_cby K Sridharan
260 _aNew Delhi
_bCBS Publishers & Distributors
_c2003
270 _aG-001, Farah Residnecy 234 Defence Cology
_bNew Delhi
300 _a99p ;
_b27cm(Hb)
650 _aNavigation -- India -- History.
650 _aIndia -- History, Naval.
650 _aShipping -- India -- History.
942 _2ddc
_cEN
_h387.2
_mSRI
999 _c136930
_d136930